000 00888nam a22002297a 4500
999 _c16635
_d16635
003 AR-CdUCM
008 190504b ||||| |||| 00| 0 spa d
040 _aMUNICIPALIDAD PROVINCIAL DEL CUSCO
_cBIBLIOTECA MUNICIPAL DEL CUSCO
082 _28ed.
_a129.64 /
_bUN53
100 _aUnamuno, Miguel de
_9458
245 _aDel sentimiento trágico de la vida en los hombres y en los pueblos /
260 _aBuenos Aires :
_bEspasa-Calpe argentina,
_c1950.
300 _a258 páginas ;
_c18.5 cm.
440 _aColección austral ;
_9172
505 _aContenido: El hombre de carne y hueso -- El punto de partida -- El hambre de inmortalidad -- La esencia del catolicismo -- La disolución racional ...
650 _aVida
_9884
650 _aHombre
_9838
650 _aFilosofía
_9395
650 _aIglesia Católica y humanismo
_936197
942 _2ddc
_cLIBROS
945 _aacv
_d2019-05-04